000 00615nam a2200241 i 4500
001 C2-0309722
003 PPAK
005 20180728100845.0
008 110602s1992 nyu |||| ||||| | eng d
020 _a0140157905
040 _aPPAK
_beng
_cPPAK
_erda
082 0 4 _a823
_223
090 0 0 _a823
_bNOO
_dKMI
100 1 _aNooteboom, Cees,
_eauthor
245 1 0 _aRituals
264 1 _aNew York :
_bPenguin Books ,
_c1992
300 _avi, 145 pages ;
_c19 cm
336 _2rdacontent
_atext
337 _2rdamedia
_aunmediated
338 _2rdacarrier
_avolume
650 1 0 _aEnglish fiction.
942 _ddc
_cB
999 _c112249
_d112249